000 00894 a2200253 4500
003 CBULib
005 20250206094714.0
008 240123b |||||||| |||| 00| 0 eng d
040 _bEnglish
_cCBULib
_erda
041 _aeng
050 _aCBU-PG THESIS/MWA
100 _aMwandama, Nelia Mwale
_91990
245 _aKnowledge, Attitude and practice of post -stroke patients at Kitwe teaching hospital regarding factors affecting their quality of life
_c/ by Nelia Mwale Mwandama
260 _bCopperbelt University,
_c2023
_aKitwe :
300 _axiii, 71 pages
336 _2rdacontent
_aText |
_btxt
337 _2rdamedia
_aUnmediated |
_bn
338 _2rdacarrier
_aVolume
_bnc
500 _aIncludes bibliographical references and appendices
650 0 _91991
_aPOST-STROKE PATIENTS
650 0 _91993
_aQUALITY OF LIFE
650 0 _91992
_aKITWE TEACHING HOSPITAL
942 _2lcc
_c030
999 _c84185
_d84185